| 000 | 00819nam a22002897a 4500 | ||
|---|---|---|---|
| 001 | 4705 | ||
| 003 | FISKH | ||
| 005 | 20240923131831.0 | ||
| 008 | 240923b cb ||||| |||| 00| 0 eng d | ||
| 020 | _a9780440404903 | ||
| 040 |
_aFISKH _beng _cFISKH _dFISKH |
||
| 050 | _aPZ7.B6265 | ||
| 082 | _2813.54 | ||
| 100 |
_aBlume, Judy _d1938 |
||
| 245 |
_aFudge-a-mania / _cJudy Blume |
||
| 250 | _aPublished in 1991 | ||
| 260 |
_aNew York : _bA Yearling Book, _c1991. |
||
| 300 |
_a147 pages : _c20cm |
||
| 505 | _aJ | ||
| 520 | _aPete describes the family vacation in Maine with the Tubmans, highlighted by the antics of his younger brother Fudge. | ||
| 521 | 8 |
_a490L
_bLexile |
|
| 521 | 8 |
_aJ
_bRaz-Plus |
|
| 650 |
_2Family _aFiction |
||
| 650 |
_2Humor _aFunny |
||
| 942 |
_2ddc _cBK _n0 |
||
| 999 |
_c4705 _d4705 |
||